| 000 | 00457 a2200145 4500 | ||
|---|---|---|---|
| 003 | Nust | ||
| 005 | 20170207154035.0 | ||
| 040 | _cNust | ||
| 100 | _aEsteban Tlelo-Cuautle | ||
| 245 |
_aChaotic Systems (E-Book) _cEsteban Tlelo-Cuautle |
||
| 260 |
_aIndia _bIn-Teh _c© 2011 |
||
| 300 | _a322p; | ||
| 505 | _aPART-1: Chaotic Systems (Page-1) PRT-2; Chaos Control (Page-117) PART-3: Synchronization (Page-185) PART-4: Applications (Page-225) | ||
| 651 | _a(E-Book) | ||
| 942 |
_2ddc _cBK |
||
| 999 |
_c192364 _d192364 |
||